000 00385nam a2200145Ia 4500
008 231129s2004||||xx |||||||||||||| ||spa||
020 _a84-339-6850-5
040 _bspa
082 _aCh863 B687g
100 _aBolaño Roberto
245 0 _aEl gaucho insufrible
260 _c2004
264 _aBarcelona España : Anagrama
942 _2ddc
_cBKS
999 _c11134
_d11134